|
|
|
|
| LEADER |
00000nam a22000007a 4500 |
| 005 |
20140331021554.0 |
| 007 |
cr|||| |||| |
| 008 |
140331s2000 ar |||||s|||| 00||0 spa d |
| 035 |
|
|
|a 11859
|
| 040 |
|
|
|a vLex
|
| 090 |
|
|
|c 4741
|d 4741
|
| 100 |
1 |
|
|a Cafferata Nores, Jos ̌Ignacio
|
| 245 |
1 |
0 |
|a Verdad procesal y decisin̤ judicial
|h [Recurso electrn̤ico] /
|c Jos ̌Ignacio Cafferata Nores, Patricia Cp̤pola
|
| 256 |
|
|
|a Servicio en ln̕ea
|
| 260 |
|
|
|a Cr̤doba:
|b Alveroni,
|c 2000
|
| 300 |
|
|
|a 1 recurso electrn̤ico
|
| 506 |
1 |
|
|a Disponible solo en los productos indicados
|d vLex Global
|d vLex Global (Academic Edition, excluding Law Schools)
|d vLex Global (U.S. Academic Edition, Law Schools)
|d vLex Global (U.S. Academic Edition, excluding Law Schools)
|d vLex Global (Academic Edition, Law Schools)
|
| 650 |
0 |
4 |
|a Derecho Penal
|z Argentina
|
| 700 |
1 |
|
|a Cp̤pola, Patricia
|
| 740 |
0 |
|
|a vLex Libros (Servicio en ln̕ea)
|
| 856 |
4 |
0 |
|u http://vlex.com/source/verdad-procesal-y-decision-judicial-11859
|z Acceso restringido
|
| 942 |
|
|
|c BOOK
|
| 999 |
0 |
|
|a Criminal Law
|